| 000 | 01285nam a2200337 a 4500 | ||
|---|---|---|---|
| 001 | ASIN0857384910 | ||
| 003 | OSt | ||
| 005 | 20170105102909.0 | ||
| 008 | 131025s2012 xxu eng d | ||
| 020 |
_a0857384910 (paperback) _c$17.50 |
||
| 020 | _a9780857384911 (paperback) | ||
| 040 | _aa | ||
| 050 | 0 | 4 | _aPS3559.G54 |
| 082 | 0 | 4 |
_a813.54 _bLGN 2012 |
| 100 | 1 | _aIgnatius, David. | |
| 245 | 1 | 0 |
_aBloodmoney / _cDavid Ignatius. |
| 260 |
_a[S.l.] : _bQuercus, _c2012. |
||
| 300 |
_a512 p. ; _c20 cm. |
||
| 500 | _aInternational Edition. | ||
| 520 | _aINVISIBLE. They are the American government's most powerful asset, their very existence only known to a handful of individuals. INGENIOUS. An elite unit of deep-cover agents, turning the tide in the war on terror. That is, until they start being exposed, one by one. INFILTRATED. And now a hunt to find the leak, before they all go under. | ||
| 650 | 0 | _aDeception | |
| 650 | 0 | _aInternational relations | |
| 650 | 0 | _aPakistan | |
| 650 | 0 | _aRetribution | |
| 650 | 0 | _aRevenge | |
| 650 | 0 | _aSpy stories | |
| 650 | 0 | _aUnited States. Central Intelligence Agency | |
| 650 | 0 | _aWomen intelligence officers | |
| 856 | 4 | 0 |
_3Amazon.com _uhttp://www.amazon.com/exec/obidos/ASIN/0857384910/chopaconline-20 |
| 942 |
_2ddc _cBK |
||
| 999 |
_c15047 _d15047 |
||